Pohraničné pevnosti dejiny Starej Ľubovne (2)

Bibliographic Details
Format: Article
Language:Slovak
Subjects:

MARC

LEADER 00000nab a2200000 a 4500
001 vtls001022654
003 SK-MaSNL
005 20260304034546.0
008 040720e19950119xo 0 slo
035 |a SL1241 
040 |a SLLK  |b slo  |c SLLK  |e AACR2 
041 0 |a slo 
044 |a xo  |c SK 
080 |a 943.76  |2 1981 
080 |a 728.81  |2 1981 
245 0 0 |a Pohraničné pevnosti  |b dejiny Starej Ľubovne (2) 
610 2 7 |a Ľubovniansky hrad (Stará Ľubovňa, Slovensko)  |2 SLLK  |9 102635 
650 0 7 |a vznik  |2 SLLK  |9 315833 
650 0 7 |a Tatári  |y 13. stor.  |2 snkbucl  |9 1067079 
650 0 7 |a dejiny miest  |2 SNKPH  |9 164833 
651 7 |a Stará Ľubovňa (Slovensko)  |2 snkbucl  |9 19193 
773 0 8 |t Ľubovnianske noviny  |g Roč. 21, č.3, 19.1.1995, s. 2 
852 |a ZVYKNI  |b KIS3GCP 
999 |c 2653734  |d 2655664